Catálogo
 En Linea

Cancionero / (Registro nro. 34297)

Detalles MARC
000 -CABECERA
campo de control de longitud fija 00809nam a2200229 a 4500
001 - NÚMERO DE CONTROL
campo de control 000034806
003 - IDENTIFICADOR DEL NÚMERO DE CONTROL
campo de control DO-SdBNP
005 - FECHA Y HORA DE LA ÚLTIMA TRANSACCIÓN
campo de control 20250910121930.0
008 - DATOS DE LONGITUD FIJA--INFORMACIÓN GENERAL
campo de control de longitud fija 111020m19771982pr 000 p spa d
040 ## - FUENTE DE LA CATALOGACIÓN
Centro catalogador/agencia de origen DO-SdBNP
Lengua de catalogación spa
Centro/agencia transcriptor BNPHU
082 ## - NÚMERO DE LA CLASIFICACIÓN DECIMAL DEWEY
Número de clasificación PR861.44
Número de documento/Ítem M433c
100 1# - ENTRADA PRINCIPAL--NOMBRE DE PERSONA
Nombre de persona Matos Paoli, Francisco,
Fechas asociadas al nombre 1915-2000
9 (RLIN) 9173
245 10 - MENCIÓN DE TÍTULO
Título Cancionero /
Mención de responsabilidad, etc. Francisco Matos Paoli.
260 ## - PUBLICACIÓN, DISTRIBUCIÓN, ETC.
Lugar de publicación, distribución, etc. San Juan, Puerto Rico :
Nombre del editor, distribuidor, etc. Ediciones Juan Ponce de León :
-- Ediciones Mairena,
Fecha de publicación, distribución, etc. 1977-1982.
300 ## - DESCRIPCIÓN FÍSICA
Extensión v ;
Dimensiones 22 cm.
500 ## - NOTA GENERAL
Nota general La biblioteca posee los volúmenes 5,7,8 y 9.
500 ## - NOTA GENERAL
Nota general Los volúmenes 8/1982 y 9/1981 se publicaron por Ediciones Mairena.
650 #4 - PUNTO DE ACCESO ADICIONAL DE MATERIA--TÉRMINO DE MATERIA
Término de materia o nombre geográfico como elemento de entrada Poesía puertorriqueña
9 (RLIN) 1015
650 #4 - PUNTO DE ACCESO ADICIONAL DE MATERIA--TÉRMINO DE MATERIA
Término de materia o nombre geográfico como elemento de entrada Literatura puertorriqueña
9 (RLIN) 250
910 ## - DATOS DE OPCIÓN DEL USUARIO (OCLC)
Datos de opción del usuario Validado. Control de calidad BNPHU
942 ## - ELEMENTOS DE PUNTO DE ACCESO ADICIONAL (KOHA)
Fuente del sistema de clasificación o colocación Dewey Decimal Classification
Tipo de ítem Koha Libro
Existencias
Estado de retiro Estado de pérdida Restricciones de uso No para préstamo Código de colección Localización permanente Ubicación/localización actual Ubicación en estantería Fecha de adquisición Número de inventario Total de préstamos Signatura topográfica completa Código de barras Fecha visto por última vez Precio válido a partir de Tipo de ítem Koha Nota pública
      Excluido de préstamo Monografías: Libros y Folletos General General Depósito 20.10.2011 LF1   PR861.44 M433c | v. 4 34806-10 25.06.2020 25.06.2020 No se presta Perteneció a la biblioteca personal de Aída Cartagena Portalatín.
      Excluido de préstamo Monografías: Libros y Folletos General General Depósito 20.10.2011 LF1   PR861.44 M433c | v. 5 34806-20 25.06.2020 25.06.2020 No se presta Perteneció a la biblioteca personal de Juan Isidro Jimenes -Grullón
      Excluido de préstamo Monografías: Libros y Folletos General General Depósito 20.10.2011 LF1   PR861.44 M433c | v. 5, e. 2 34806-30 25.06.2020 25.06.2020 No se presta Perteneció a la biblioteca personal de Aída Cartagena Portalatín.
      Excluido de préstamo Monografías: Libros y Folletos General General Depósito 20.10.2011 LF1   PR861.44 M433c | v. 7 34806-40 25.06.2020 25.06.2020 No se presta Perteneció a la biblioteca personal de Juan Isidro Jimenes Grullón
      Excluido de préstamo Monografías: Libros y Folletos General General Depósito 20.10.2011 LF1   PR861.44 M433c | v. 8 34806-50 25.06.2020 25.06.2020 No se presta Perteneció a la biblioteca personal de Juan Isidro Jimenes Grullón
      Excluido de préstamo Monografías: Libros y Folletos General General Depósito 24.10.2011 LF1   PR861.44 M433c | v. 8, e. 2 34806-60 25.06.2020 25.06.2020 No se presta Perteneció a la biblioteca personal de Juan Isidro Jimenes Grullón
      Excluido de préstamo Monografías: Libros y Folletos General General Depósito 18.09.2013 LF1   PR861.44 M433c | v. 9 34806-70 25.06.2020 25.06.2020 No se presta Perteneció a la bibliteca personal de Juan Isidro Jimenes-Grullón.

Con tecnología Koha